Normal view
MARC view
Entry Topical Term
001 - CONTROL NUMBER
- control field: 991388
003 - CONTROL NUMBER IDENTIFIER
- control field: OSt
005 - DATE AND TIME OF LATEST TRANSACTION
- control field: 20260121125338.0
008 - FIXED-LENGTH DATA ELEMENTS
- fixed length control field: 260121|| aca||aabn | a|a d
040 ## - CATALOGING SOURCE
- Original cataloging agency: OSt
- Transcribing agency: OSt
150 ## - HEADING--TOPICAL TERM
- Topical term or geographic name entry element: History
670 ## - SOURCE DATA FOUND
- Source citation: Work cat.: (OSt)1561319: Rennie, Kriston R. 991387, Freedom and protection: Monastic exemption in France, <i>c.</i> 590-<i>c.</i> 1100
